Country flags (Hard level) - Statistics

General Stats
  • This quiz has been taken 49 times
  • The average score is 15 of 16
Answer Stats
Picture Answer % Correct
Spain
100%
Albania
97%
Algeria
97%
Kazakhstan
97%
Niger
97%
Philippines
97%
Kosovo
95%
Lithuania
95%
Nigeria
95%
Somalia
95%
Turkmenistan
95%
Bhutan
92%
Bosnia
92%
Latvia
92%
Chad
90%
Central African Republic
82%
No matching quizzes found
Score Distribution
Percent of People with Each Score
Percentile by Number Answered
Your Score History
You have not taken this quiz